000 00811nam a22002417a 4500
005 20100807122610.0
010 _aENG-98789
020 _a8190848089
_c250.00
035 _aEN-82321
037 _bDBAD/PUB
082 _a631.86
100 _aRajasekaran, S.
_98414
245 _aBiofertilizers /
_cby S. Rajasekaran
260 _aTamil Nadu
_bPuthagacholai Publications
_c2009
270 _a48,Mahathana Street,Mayiladutrai
_bTamil Nadu
_e609001
300 v _axvi,247p.
_c23cm (pbk)
500 _aIncludes bibliographical references
650 _aBiofertilizess
_98415
700 _98297
700 _98298
942 _2ddc
_cEN
_h631.86
_mRAJ
999 _c40028
_d40028